000
00288nam a2200145Ia 4500
100
_a
BYRNE/RHONDA
650
_a
General
942
_c
BK
366
_f
20
245
_a
THE SECRET
260
_b
BHOPAL
_a
MANJUL PUBL.
_c
2012
082
_a
808.83/BYR
300
_a
206
546
_a
ENGLISH
999
_c
28109
_d
28109